HEALTH ECONOMICS POLICY (Record no. 8641)
[ view plain ]
| 000 -LEADER | |
|---|---|
| fixed length control field | 00331nam a2200133Ia 4500 |
| 008 - FIXED-LENGTH DATA ELEMENTS--GENERAL INFORMATION | |
| fixed length control field | 240624s9999 xx 000 0 und d |
| 041 ## - LANGUAGE CODE | |
| Language code of text/sound track or separate title | eng |
| 082 ## - DEWEY DECIMAL CLASSIFICATION NUMBER | |
| Classification number | 362.103 HEN |
| 100 ## - MAIN ENTRY--PERSONAL NAME | |
| Personal name | HENDERSON JAMES W |
| 245 ## - TITLE STATEMENT | |
| Title | HEALTH ECONOMICS POLICY |
| 250 ## - EDITION STATEMENT | |
| Edition statement | (3rd ed.) |
| 260 ## - PUBLICATION, DISTRIBUTION, ETC. | |
| Date of publication, distribution, etc. | 2007 |
| Place of publication, distribution, etc. | Western,2007 |
| 300 ## - PHYSICAL DESCRIPTION | |
| Extent | xx, : 473 : p. : cm. ; 25 |
| Withdrawn status | Lost status | Damaged status | Not for loan | Home library | Current library | Shelving location | Date acquired | Full call number | Barcode | Date last seen | Copy number | Price effective from | Koha item type |
|---|---|---|---|---|---|---|---|---|---|---|---|---|---|
| IMTN | IMTN | Rack 15-A | 05/08/2008 | 362.103 HEN | 8641 | 06/24/2024 | 1 | 06/24/2024 | Books |